Second language acquisition
This textbook approaches second language acquisition from the perspective of generative linguistics. It reviews the last thirty years of research in the field, focussing in particular on how the second or additional language is represented in the mind and how it is used in communication
محفوظ في:
| المؤلف الرئيسي: | |
|---|---|
| التنسيق: | كتاب |
| اللغة: | Undetermined |
| منشور في: |
Oxford
Oxford University Press
2016
|
| الموضوعات: | |
| الوسوم: |
إضافة وسم
لا توجد وسوم, كن أول من يضع وسما على هذه التسجيلة!
|
| Thư viện lưu trữ: | Trung tâm Học liệu Trường Đại học Cần Thơ |
|---|
| LEADER | 00862nam a2200205Ia 4500 | ||
|---|---|---|---|
| 001 | CTU_224043 | ||
| 008 | 210402s9999 xx 000 0 und d | ||
| 020 | |c 604000 | ||
| 082 | |a 418.007 | ||
| 082 | |b S631 | ||
| 100 | |a Slabakova, Roumyana | ||
| 245 | 0 | |a Second language acquisition | |
| 245 | 0 | |c Roumyana Slabakova | |
| 260 | |a Oxford | ||
| 260 | |b Oxford University Press | ||
| 260 | |c 2016 | ||
| 520 | |a This textbook approaches second language acquisition from the perspective of generative linguistics. It reviews the last thirty years of research in the field, focussing in particular on how the second or additional language is represented in the mind and how it is used in communication | ||
| 650 | |a Second language acquisition,Bổ sung ngôn ngữ thứ hai | ||
| 910 | |b vdbang | ||
| 980 | |a Trung tâm Học liệu Trường Đại học Cần Thơ | ||